00329nam a2200121Ia 4500008004100000100004700041245004500088260002800133300001000161650001200171942000700183999001700190190216s9999||||xx |||||||||||||| ||und|| aGordon J Van Wylen Richard E Sonntag 0aFundamentals Of Classical Thermodynamics bWiley Eastern Ltdc1984 a744 p aPhysics cBK c32978d32978